Statistiques concernant Focus sur: Ilúvatar - Tolkien

Cliquez ici pour prendre le quiz!

Statistiques générales

  • Ce quiz a été pris 22 fois
  • Le résultat moyen est 6 sur 8

Statistiques - réponses

Informations recherchéesRéponses% Correct
Elfes
95%
Première apparitionLe Silmarillion
95%
Espèces crééesAinur
91%
Hommes
86%
Autre nomEru
82%
"Espèce"Dieu
77%
"Contrée"Salles intemporelles
36%
Chant composéGrande Musique (Ainulindalë)
32%

Distribution des résultats

Percentile par nombre de réponses

% des personnes avec chaque résultat

Votre développement - résultats

Vous n’avez pas pris ce quiz